[Event "Alberta-ch U20 op"]
[Site "Edmonton"]
[Date "2014.11.23"]
[Round "5.1"]
[White "Koneru, Nimai"]
[Black "Tolentino, Andre Angelo"]
[Result "0-1"]
[WhiteElo "1547"]
[BlackElo "1625"]
[PlyCount "48"]
[EventDate "2014.11.23"]
[EventType "swiss"]
[EventRounds "5"]
[EventCountry "CAN"]
[SourceTitle "EXT 2022"]
[Source "ChessBase"]
[SourceDate "2021.10.06"]
[SourceVersion "1"]
[SourceVersionDate "2021.10.06"]
[SourceQuality "1"]

1. d4 e6 2. Bf4 f5 3. e3 Nf6 4. Nf3 Be7 5. c4 0-0 6. Bd3 b6 7. 0-0 Bb7 8. Nbd2 Nc6 9. a3 Rc8 10. b4 Qe8 11. h3 Nd8 12. Qa4 Qg6 13. Qd1 Nh5 14. Bh2 Nf7 15. Qa4 Ng5 16. Nxg5 Qxg5 17. g3 f4 18. Ne4 Bxe4 19. Bxe4 fxg3 20. Bxg3 Nxg3 21. fxg3 Qxg3+ 22. Bg2 Bd6 23. Rf4 Qxe3+ 24. Kh1 Qxf4 0-1

[Event "Alberta-ch U20 op"]
[Site "Edmonton"]
[Date "2014.11.22"]
[Round "2.1"]
[White "Tolentino, Andre Angelo"]
[Black "Superceanu, Andi"]
[Result "1-0"]
[WhiteElo "1625"]
[BlackElo "1268"]
[PlyCount "107"]
[EventDate "2014.11.23"]
[EventType "swiss"]
[EventRounds "5"]
[EventCountry "CAN"]
[SourceTitle "EXT 2022"]
[Source "ChessBase"]
[SourceDate "2021.10.06"]
[SourceVersion "1"]
[SourceVersionDate "2021.10.06"]
[SourceQuality "1"]

1. e4 c5 2. Nc3 d6 3. f4 Nc6 4. Bb5 Bd7 5. Nf3 g6 6. 0-0 Bg7 7. d3 a6 8. Bxc6 Bxc6 9. Bd2 Nf6 10. Qe1 Nd7 11. Qh4 e6 12. Qg3 0-0 13. f5 exf5 14. exf5 Bxf3 15. Rxf3 Nf6 16. fxg6 fxg6 17. Bg5 Qd7 18. Raf1 Nh5 19. Qh4 Bd4+ 20. Kh1 Rxf3 21. Rxf3 Ng7 22. Nd5 Nf5 23. Rxf5 gxf5 24. Qxd4 cxd4 25. Nf6+ Kf7 26. Nxd7 Rc8 27. Bf6 Rxc2 28. Bxd4 Rc1+ 29. Bg1 Rd1 30. d4 Ra1 31. a3 Ke7 32. Nb6 Ke6 33. g3 d5 34. Kg2 Kd6 35. Be3 Re1 36. Kf3 Rf1+ 37. Ke2 Rh1 38. h4 Rh2+ 39. Bf2 Rh1 40. Kf3 Rf1 41. Ke2 Rc1 42. Kd2 Rc7 43. Be3 Kc6 44. Na4 b6 45. Bf4 Re7 46. Be5 Re8 47. Ke3 Kb5 48. b3 Kc6 49. Kf4 b5 50. Nc5 a5 51. Kxf5 h6 52. Kg6 Rxe5 53. dxe5 Kxc5 54. e6 1-0

[Event "CAN-ch U12"]
[Site "Ottawa"]
[Date "2013.07.12"]
[Round "5"]
[White "Cai, Jason"]
[Black "Tolentino, Andre Angelo"]
[Result "0-1"]
[WhiteElo "1778"]
[BlackElo "1309"]
[PlyCount "118"]
[EventDate "2013.07.10"]
[EventType "swiss"]
[EventRounds "6"]
[EventCountry "CAN"]
[SourceTitle "EXT 2022"]
[Source "ChessBase"]
[SourceDate "2021.10.06"]
[SourceVersion "1"]
[SourceVersionDate "2021.10.06"]
[SourceQuality "1"]

1. e4 e6 2. d4 d5 3. Nd2 dxe4 4. Nxe4 Be7 5. Nf3 Nf6 6. Bd3 Nbd7 7. 0-0 0-0 8. Bf4 c5 9. c3 Qb6 10. Qe2 cxd4 11. Nxd4 e5 12. Nf5 Re8 13. Be3 Qc6 14. Nxe7+ Rxe7 15. Qf3 Nd5 16. Bg5 Re6 17. Nd2 N7f6 18. Rfe1 Bd7 19. Ne4 Rae8 20. Nxf6+ Nxf6 21. Qxc6 Bxc6 22. Bc4 Bd5 23. Bxd5 Nxd5 24. Rad1 Nb6 25. f3 f6 26. Be3 R8e7 27. Rd3 e4 28. fxe4 Rxe4 29. Kf2 Nc4 30. b3 Ne5 31. Rd8+ Kf7 32. h3 Nc6 33. Rd3 f5 34. Bd2 Ne5 35. Rd8 Rxe1 36. Bxe1 g6 37. c4 a6 38. Bc3 Nc6 39. Rd6 Ke8 40. b4 Re4 41. b5 axb5 42. cxb5 Ke7 43. Rf6 Nd8 44. Rb6 Re6 45. Bb4+ Kd7 46. Rxe6 Kxe6 47. Ke3 Kd5 48. Kd3 Nf7 49. Bc3 Nd6 50. a4 Ne4 51. Bd4 Nc5+ 52. Kc3 Nxa4+ 53. Kd3 Nc5+ 54. Kc3 Ne6 55. Bf2 Nf4 56. Ba7 Nxg2 57. Kb4 f4 58. Ka5 Ne3 59. Kb6 Kc4 0-1

[Event "CAN-ch U12"]
[Site "Ottawa"]
[Date "2013.07.11"]
[Round "3"]
[White "Novakovic, David"]
[Black "Tolentino, Andre Angelo"]
[Result "0-1"]
[WhiteElo "853"]
[BlackElo "1309"]
[PlyCount "61"]
[EventDate "2013.07.10"]
[EventType "swiss"]
[EventRounds "6"]
[EventCountry "CAN"]
[SourceTitle "EXT 2022"]
[Source "ChessBase"]
[SourceDate "2021.10.06"]
[SourceVersion "1"]
[SourceVersionDate "2021.10.06"]
[SourceQuality "1"]

1. e4 e6 2. Bc4 d5 3. Bd3 dxe4 4. Bxe4 Nf6 5. Bf3 Bc5 6. d3 h6 7. Nc3 0-0 8. Ne4 Nxe4 9. Bxe4 Nd7 10. h4 Nf6 11. Qe2 Nxe4 12. Qxe4 Qd5 13. Qg4 Qd4 14. Qg3 Bd6 15. Qf3 Qd5 16. Qh3 e5 17. Bg5 Bxh3 18. Rxh3 hxg5 19. hxg5 e4 20. Ne2 Qxg5 21. Nd4 g6 22. Rh1 exd3 23. cxd3 Bb4+ 24. Kf1 Rfe8 25. Nc2 Qd2 26. Ne3 Qxd3+ 27. Kg1 Rad8 28. Rc1 Rxe3 29. fxe3 Qxe3+ 30. Kh2 Bd6+ 31. g3 0-1